000 00522nam a2200193Ia 4500
005 20250508153828.0
008 008 250505s9999 xx 000 0 eng d
037 _aBooks to be hide in OPAC
040 _aFEDL
_beng
_cFEDL
041 _aeng
_2eng
084 _a370.1, COU
_qFEDL
100 _aCourant Maurice
_9764506
245 0 _aEtudes sur l'education et la colonisation. French
260 _c1904
300 _a178p.
546 _aVol 10th
942 _cHB
_h370.1, COU
999 _c1345792
_d1345792